000 00294nam a2200121Ia 4500
008 241014s9999||||xx |||||||||||||| ||und||
020 _a0-071400761
060 _a P 2003
100 _aPasley, James N.
245 0 _aUSMLE Road Map Physiology.
260 _bMcGraw-Hill
_c2003
942 _bDIMC
_cBK
999 _c6847
_d6847